[Event "Mumbai Aurionpro U14 op"]
[Site "Mumbai"]
[Date "2025.06.21"]
[Round "6"]
[White "Mahir, Taneja"]
[Black "Jagreet, Misra"]
[Result "0-1"]
[WhiteElo "1896"]
[BlackElo "1971"]
[PlyCount "58"]
[EventDate "2025.06.16"]
[EventType "swiss"]
[EventRounds "9"]
[EventCountry "IND"]
[SourceTitle "CB26_2025"]
[SourceDate "2025.06.25"]
[SourceVersion "1"]
[SourceVersionDate "2025.06.25"]
[SourceQuality "1"]

1. e4 e5 2. Nf3 Nc6 3. Bc4 Bc5 4. c3 Nf6 5. d3 d6 6. Bb3 a5 7. 0-0 0-0 8. h3 h6 9. d4 Ba7 10. Re1 Re8 11. Bc2 b5 12. d5 Ne7 13. Bd3 Bd7 14. Na3 Rb8 15. c4 b4 16. Nc2 Ng6 17. Bf1 Qc8 18. Be3 Bxe3 19. Rxe3 Nf4 20. h4 Ng4 21. Re1 f5 22. exf5 Bxf5 23. Ne3 Rf8 24. Nxf5 Qxf5 25. Qb1 Nh3+ 26. gxh3 Qxf3 27. hxg4 Rf4 28. Bg2 Rxg4 29. Qe4 Rxg2+ 0-1

[Event "New Delhi Matrix Cup 4th"]
[Site "New Delhi"]
[Date "2025.01.06"]
[Round "7"]
[White "Mahir, Taneja"]
[Black "Matta, Abhyudaya"]
[Result "1/2-1/2"]
[WhiteElo "1815"]
[BlackElo "1643"]
[PlyCount "27"]
[EventDate "2025.01.03"]
[EventType "swiss"]
[EventRounds "9"]
[EventCountry "IND"]
[SourceTitle "CB03_2025"]
[SourceDate "2025.01.15"]
[SourceVersion "1"]
[SourceVersionDate "2025.01.15"]
[SourceQuality "1"]

1. e4 e5 2. Nf3 Nc6 3. c3 d5 4. Qa4 Qd6 5. Na3 dxe4 6. Qxe4 Nf6 7. Qa4 Be6 8. Nb5 Qd7 9. d4 exd4 10. Nbxd4 Nxd4 11. Qxd7+ Bxd7 12. Nxd4 Bc5 13. Nb3 Bb6 14. Be2 1/2-1/2